Pro8l3m - Bagaże - Statystyki

Ogólne statystyki
  • Ten quiz został rozwiązany 23 razy
  • Średni wynik to 68 z 331
Statystyki odpowiedzi
Odpowiedź % Poprawnych
w
77%
W
77%
z
77%
bagaże
62%
my
62%
o
62%
jak
46%
Mam
46%
mam
46%
mi
46%
na
46%
nie
46%
Nie
46%
Ona
38%
to
38%
by
31%
By
31%
i
31%
jest
31%
Jeszcze
31%
mieliśmy
31%
mogę
31%
nic
31%
otwartej
31%
po
31%
po,
31%
prosić
31%
przy
31%
Przy
31%
przynosi
31%
ręce
31%
serce
31%
sny
31%
tak
31%
tam
31%
Tam
31%
wczoraj
31%
Więc
31%
więcej
31%
wszystko
31%
czciliśmy
23%
do
23%
dzieliliśmy
23%
gdy
23%
jej
23%
Jej
23%
kto
23%
Mój
23%
się
23%
smutek,
23%
smutek
23%
swe
23%
zła
23%
2
15%
2,
15%
bo
15%
być
15%
byliśmy
15%
ciała
15%
dłoni
15%
Jedliśmy
15%
jogurtem,
15%
każda
15%
klatce
15%
Kochaliśmy
15%
krew
15%
łez
15%
MDMA
15%
moja
15%
myśl
15%
niosąc
15%
skroni
15%
swą
15%
wannie
15%
zapach
15%
ze
15%
że
15%
aut
8%
bandaże
8%
biglu
8%
bułkę
8%
cały
8%
Dni,
8%
innej
8%
innym
8%
jednak
8%
jęk
8%
Kąpaliśmy
8%
krążę
8%
która
8%
latach
8%
łazience
8%
łzy
8%
materaca
8%
miasta
8%
miesiące,
8%
monochrom
8%
ostro
8%
płycie,
8%
płynie
8%
położyć
8%
prób
8%
przedmieść
8%
przedział
8%
przez
8%
reszta
8%
ruszamy
8%
ścisk
8%
siebie,
8%
singlu
8%
słysząc
8%
SPA
8%
TLK
8%
tu
8%
ulicach,
8%
winklu
8%
Wsiadamy
8%
zajęliśmy
8%
zestarzeć
8%
ale
0%
Amsterdam!
0%
będzie
0%
Bogu
0%
Braliśmy
0%
"Breakout"
0%
budzimy
0%
chcąc
0%
Choć
0%
Cicho
0%
cierpa
0%
dawcą
0%
dość,
0%
dróg
0%
ducha
0%
dziś,
0%
gdzie
0%
gdzieś
0%
gówno
0%
Graliśmy
0%
grup,
0%
Jaraliśmy
0%
jednej
0%
kaw,
0%
kerfa
0%
kładziemy
0%
kogoś
0%
krzycząc,
0%
kuchenna
0%
kurcząc
0%
Lidlu
0%
make-up
0%
miejsca,
0%
mimo
0%
moczyły
0%
Myśląc
0%
myślami
0%
objęciach,
0%
obok
0%
oddzielnie
0%
pamięci
0%
parze
0%
Pędząc
0%
poranki
0%
przenieść
0%
rozczarowani
0%
ścierka,
0%
ślad
0%
Słuchając
0%
słuchawek
0%
snów
0%
sobą
0%
spraw
0%
Śródmieścia
0%
starość
0%
świt
0%
swoich
0%
sypialni
0%
Szukając
0%
Szukaliśmy
0%
Tony
0%
Trwaliśmy
0%
t-shirtach
0%
tysiąca
0%
ujebanych
0%
wieczorem
0%
winnym,
0%
wracać
0%
wracam
0%
wsparcia
0%
zakupach
0%
zapieksach
0%
zatarcia
0%
Zbierać
0%
złość
0%
znów
0%
zrywke
0%
życiu,
0%
Nie znaleziono quizów pasujących do podanych kryteriów
Rozkład punktacji
Procent ludzi z każdym wynikiem
Percentyl według liczby udzielonych odpowiedzi
Twoja historia wyników
Nie rozwiązałeś tego quizu